Quản trị rủi ro tài chính
Sách cung cấp những kiến thức hiện đại về các chiến lược phòng ngừa rủi ro thông qua các công cụ phái sinh hiện đại trên thị trường chứng khoán, thị trường ngoại hối, thị trường tiền tệ và hàng hóa ......
Saved in:
| Main Author: | |
|---|---|
| Format: | Book |
| Language: | Undetermined |
| Published: |
Hà Nội
Thống kê
2007
|
| Subjects: | |
| Tags: |
Add Tag
No Tags, Be the first to tag this record!
|
| Institutions: | Trung tâm Học liệu Trường Đại học Cần Thơ |
|---|
| LEADER | 00970nam a2200205Ia 4500 | ||
|---|---|---|---|
| 001 | CTU_140181 | ||
| 008 | 210402s9999 xx 000 0 und d | ||
| 020 | |c 268000 | ||
| 082 | |a 658.15 | ||
| 082 | |b Tr106 | ||
| 100 | |a Nguyễn, Thị Ngọc Trang | ||
| 245 | 0 | |a Quản trị rủi ro tài chính | |
| 245 | 0 | |c Nguyễn Thị Ngọc Trang ...[et al.] | |
| 260 | |a Hà Nội | ||
| 260 | |b Thống kê | ||
| 260 | |c 2007 | ||
| 520 | |a Sách cung cấp những kiến thức hiện đại về các chiến lược phòng ngừa rủi ro thông qua các công cụ phái sinh hiện đại trên thị trường chứng khoán, thị trường ngoại hối, thị trường tiền tệ và hàng hóa ... | ||
| 650 | |a Financial management,Accounting management,Quản trị tài chính,Quản trị kế toán | ||
| 904 | |i Trọng Hải | ||
| 980 | |a Trung tâm Học liệu Trường Đại học Cần Thơ | ||